Progressively Pixelated Flags #1 🚩 - Statistics

General Stats
  • This quiz has been taken 1,863 times
  • The average score is 13 of 16
Answer Stats
Picture Answer % Correct
Kazakhstan
97%
Uruguay
94%
Eswatini
91%
Haiti
90%
Mozambique
90%
Sri Lanka
90%
Oman
89%
Seychelles
89%
Vanuatu
82%
Equatorial Guinea
79%
Solomon Islands
76%
Suriname
74%
Kiribati
72%
Eritrea
71%
Dominica
64%
Marshall Islands
58%
No matching quizzes found
Score Distribution
Percent of People with Each Score
Percentile by Number Answered
Your Score History
You have not taken this quiz